00724nam a2200241 a 4500001001300000003000900013005001700022008004100039020002300080082001700103100002100120245005700141260002500198300000900223500003500232505001800267650002600285700002100311902000800332942000700340952011800347999001700465nice12345678IN_TiNIC20260116014534.0121001s2010 dela grp 000 0 eng  a9788184650259c25000a232.955bRAO aRao, Prabhakar B aMissiological Motifs of the Miracles of Jesus Christ aDelhi bISPCK c2010 a276p aincludes index and biblioraphy2 aBibliography2 aJesus Christ-Miracles1 aRao, Prabhakar B bSRS cBK 001040708StackRoom-aHMIbHMId2012-10-01g250.00l0o232.955 RAOp023876r2012-10-01v250.00w2012-10-01yBK c15852d15852